Statistiques concernant Culture générale par lettre - O.

Cliquez ici pour prendre le quiz!

Statistiques générales

  • Ce quiz a été pris 1 890 fois
    (1 765 depuis la dernière actualisation)
  • Le résultat moyen est 11 sur 15

Statistiques - réponses

QuestionsRéponses% Correct
Mot Japonnais qui désigne l'art du pliage de papier.Origami
95%
Héros de bande dessiné et film, compagnon d'Astérix.Obélix
93%
Nom du bonhomme de neige, compagnon d'Anna, dans le dessin animé "la reine des neiges".Olaf
89%
Nom d'une ville Française située dans le Vaucluse qui est aussi le nom d'un fruit.Orange
88%
Nom du 44ème président des États-Unis.Barack Obama
87%
Se dit "huit" en espagnol.Ocho
83%
Abréviation utilisé d'un club de football de ligue 1, située dans les Bouches-du-Rhone.OM
81%
Prénom du héros nommé Atton, footballeur dans un dessin animé des années 90 et compagnons de Thomas Price (Tom).Olivier
79%
Nom de code du célèbre agent secret interprété par Jean Dujardin dans une série de film. Oss 117
79%
Constructeur automobile Allemand, fabriquant de modèles comme "l'Astra" ou le "Mokka".Opel
78%
Nom donné à l'élevage des huitres.Ostréiculture
71%
Sa capitale est Kampala.Ouganda
71%
Animal semi-aquatique, seul ordre de mammifères qui pond des œufs au lieu de donner naissance à des petits complètement formés.Ornithorynque
55%
Groupe de rock alternatif britannique, originaire de Manchester, formé en 1991 par Liam Gallagher.Oasis
52%
Instrument de musique à vent ovoïde, ressemblant à une tête d’oie, qui signifie "petite oie" en Italien.Ocarina
21%

Distribution des résultats

Percentile par nombre de réponses

% des personnes avec chaque résultat

Votre développement - résultats

Vous n’avez pas pris ce quiz depuis la dernière actualisation